000 00914 a2200229 4500
001 41176
005 20260407155705.0
008 260407a2011 arg spa d
003 AR-UNSa-BCEJYS
040 _aAR-UNSa-BCEJYS
_bspa
_cAR-UNSa-BCEJYS
080 _a347.92
_xAspectos varios del procedimiento
245 1 0 _aLegitimación anómala o extraordinaria
020 _a978-950-894-853-3
264 1 _aBuenos Aires :
_bAD-HOC
_c2011
300 _a117 p.
_c20 cm.
505 _a1. La legitimación - 2. Legitimación anómala o extraordinaria - 3. Derechos de incidencia colectiva - 4. El defensor del Pueblo de la Nación - 4. Las asociaciones de defensa de usuarios y consumidores
041 _aspa
942 _cBK
590 _aniveau_biblio:m niveau_hierar:0
100 1 _aBugallo Olano, Daniel J.
856 4 1 _uhttps://biblioeco.unsa.edu.ar/pmb/images/libros/L126404.jpg
_yImagen de portada
_qimage/jpeg
999 _c3398
_d3398